00561nam a2200205 i 4500001001100000003000500011005001700016008004100033020001800074040002500092082001600117100003200133245003000165264004400195300002800239336002100267337002500288338002300313650001900336C2-0300504PPAK20180728082022.0091105s2007 my |||| ||||| | may d a9789833372454 aPPAKbengcPPAKerda04a297.3822230 aM. Siddiq Mustika, eauthor10aSolat khusyuk solat smart 1aKuala Lumpur : bPTS Millennia , c2007 avi, 372 pages ; c23 cm 2rdacontentatext 2rdamediaaunmediated 2rdacarrieravolume10aPrayer - Islam